Текст томруулах:    
New Approaches to Ilkhanid History (Бичлэгийн дугаар. 144247)
000 -УДИРДЛАГА
Удирдлага 01422nam a2200313 4500
003 - ХЯНАЛТЫН ТОО ТОДОРХОЙЛОГЧ
Код MN-UlNUM
005 - БИЧИЛТ ХИЙСЭН ОГНОО
Тухайн бичилтийг бичсэн засварласан сүүлийн огноо 20251013143334.0
008 - ЕРӨНХИЙ МЭДЭЭЛЭЛ
Ерөнхий мэдээлэл 250918s2021 ne ||||| |||| 00| ||eng d
020 ## - ISBN
ISBN 9789004437395
040 ## - БИЧЛЭГ ҮҮСГЭГЧ БАЙГУУЛЛАГА
Бичлэг үүсгэгч номын сангийн код МУИС-ийн номын сан
084 ## - ББК АНГИЛАЛ
Нэмэлт тусгалт Нэг сэдэвт бүтээл
Мэдлэгийн ялгаа 63 - Түүх
Зохиогчийн гурван тэмдэгт N 52
ББК ангилал 63.3
240 ## - Шифр - Номын наалт, тайланд хэрэглэх
Ангилалын дугаар /Зохиогчийн 3 тэмдэгт 63.3 N 52
245 ## - ҮНДСЭН ГАРЧИГ
Номын нэр New Approaches to Ilkhanid History
Оролцогчдын тухай мэдээ Edited by Timothy May, Dashdondog Bayarsaikhan, Christopher P. Atwood
260 ## - ГАРАЛТЫН МЭДЭЭ
Хэвлэгдсэн газар Leiden
Хэвлэлийн газар Brill
Хэвлэгдсэн он 2021
300 ## - МАТЕРИАЛЫН ТОДОРХОЙЛОЛТ
хуудасны тоо 440
500 ## - Тайлбар
Дансны дугаар ГФ 20880
505 ## - Агуулгын тэмдэглэгээ
Агуулгын тэмдэглэгээ As the title implies, New Approaches to Ilkhanid History explores new methodologies and avenues of research for the Mongol state in the Middle East. Although the majority of the Ilkhanate was situated in Iran, this volume considers other regions within the state and moves away from focusing on the center and the Ilkhanid court. New consideration is given to the source material, particularly how they have been composed, but also how the sources can inform on the provinces of the Ilkhanate.
546 ## - ХЭЛНИЙ ТУХАЙ МЭДЭЭ
Хэл Англи хэл дээр,
653 ## - Түлхүүр үг
Түлхүүр үг history
653 ## - Түлхүүр үг
Түлхүүр үг history of Iran
653 ## - Түлхүүр үг
Түлхүүр үг history of Mongolia
740 ## - НОМЫН ГАРЧИГ
Гарчиг Language and Letters in the Ilkhanid World
740 ## - НОМЫН ГАРЧИГ
Гарчиг Material Goods and Their Exchange in the Ilkhanid World
740 ## - НОМЫН ГАРЧИГ
Гарчиг The Ilkhanid in a Middle Eastern World
740 ## - НОМЫН ГАРЧИГ
Гарчиг The Ikhanid in a World of Christendoms
942 ## - ЭЛЕМЕНТИЙН ТӨРӨЛ
Зүйлийн төрөл Ном